Geografia województwa śląskiego na mapie - Statystyki

Ogólne statystyki
  • Ten quiz został rozwiązany 73 razy
    50 od ostatniego zresetowania
  • Średni wynik to 14 z 37
Odpowiedzi na mapie
Odpowiedzi zakodowano w zielono-czerwonej skali na mapie do tego quizu, zgodnie z poniższymi procentami.
 
Statystyki odpowiedzi
Odpowiedź % Poprawnych
Gliwice
95%
Jastrzębie-Zdrój
84%
Jaworzno
80%
Żory
80%
Bytom
77%
Lubliniec
75%
Zawiercie
75%
zawierciański
70%
Wodzisław Śląski
68%
Myszków
66%
Odra
61%
kłobucki
59%
tarnogórski
59%
Beskid Żywiecki
57%
bieruńsko-lędziński
55%
Pyskowice
52%
Goczałkowickie
45%
Wilamowice
36%
Istebna
32%
Kuźnia Raciborska
32%
Klimczok
30%
Paprocańskie
18%
Kłodnica
16%
Park Krajobrazowy Orlich Gniazd
16%
Łąka
14%
rybnicki
14%
Zebrzydowice
14%
Chechło-Nakło
9%
Park Krajobrazowy Beskidu Małego
9%
Pławniowice
9%
Godów
7%
Gilowice
5%
Kruszyna
5%
Kwarców Wierch
2%
Lipowski Wierch
2%
Karolówka
0%
Park Krajobrazowy Stawki
0%
Nie znaleziono quizów pasujących do podanych kryteriów
Rozkład punktacji
Procent ludzi z każdym wynikiem
Percentyl według liczby udzielonych odpowiedzi
Twoja historia wyników
Nie rozwiązałeś tego quizu od ostatniego zresetowania